Equipaments bàsics, llibertats democràtiques i transformació social: (Registro nro. 460)
[ vista simple ]
| 000 -LEADER | |
|---|---|
| campo de control de longitud fija | 03166nam a22002537a 4500 |
| 001 - NÚMERO DE CONTROL | |
| campo de control | EIF-VIII-2013-M7-002 |
| 003 - IDENTIFICADOR DE NÚMERO DE CONTROL | |
| campo de control | OSt |
| 005 - FECHA Y HORA DE LA ÚLTIMA TRANSACCIÓN | |
| campo de control | 20221222091357.0 |
| 008 - DATOS DE LONGITUD FIJA--INFORMACIÓN GENERAL | |
| campo de control de longitud fija | 221222b |||||||| |||| 00| 0 eng d |
| 040 ## - FUENTE DE CATALOGACIÓN | |
| Centro catalogador/agencia de origen | Fundación Jesús Pereda |
| Centro/agencia transcriptor | Fundación Jesús Pereda |
| 041 ## - CÓDIGO DE IDIOMA | |
| Código de lengua del texto/banda sonora o título independiente | Catalán |
| 100 ## - ENTRADA PRINCIPAL--NOMBRE DE PERSONA | |
| Filiación | Universitat Autònoma de Barcelona, CEFID |
| Nombre de persona | Cuesta Gómez, José Miguel |
| 9 (RLIN) | 755 |
| 111 ## - ENTRADA PRINCIPAL--NOMBRE DE CONGRESO/REUNIÓN | |
| Nombre de congreso/reunión o jurisdicción como elemento de entrada | Encuentro de Investigadores del Franquismo |
| Sede del congreso/Lugar de la reunión | (Barcelona. |
| Fecha del congreso o de la firma del tratado | 2013. |
| Número del congreso/reunión o número de parte o sección | 8º) |
| 9 (RLIN) | 100 |
| 245 ## - MENCIÓN DEL TÍTULO | |
| Título | Equipaments bàsics, llibertats democràtiques i transformació social: |
| Resto del título | el moviment veïnal al Barcelonès Nord a finals de la dictadura |
| Mención de responsabilidad, etc. | /José Miguel Cuesta Gómez |
| 520 ## - RESUMEN, ETC. | |
| Sumario, etc. | Dintre de les corrents historiogràfiques que han estudiat l'oposició antifranquista, han destacat tradicionalment les que s'han centrat en el moviment obrer i el moviment estudiantil. Tot i això recentment han aparegut nombrosos estudis sobre el moviment veïnal. <br/>En els darrers anys del franquisme aquest moviment havia esdevingut capaç de mostrar la seva força i capacitat mobilitzadora implicant a centenars i milers de persones en grans concentracions que van sorprendre a les autoritats de la dictadura. Les grans mancances existents en les grans concentracions urbanes com el Barcelonès Nord (sub-comarca que agrupa els municipis de Badalona, Santa Coloma de Gramenet i Sant Adrià de Besòs) sens dubte van ser un motiu que les va impulsar. <br/>Però molt ràpidament el discurs del moviment veïnal va adquirir una major dimensió. Aviat es va passar de la reivindicació concreta pels dèficits urbanístics, d'equipaments o socials a les reivindicacions polítiques, ja que s'associaven totes aquestes mancances a la mateixa dictadura i la seva administració central i local. Es més, es va fer aquest símil amb el sistema econòmic vigent, el capitalisme, de manera que en no pocs casos, les alternatives i solucions que es proposaven anaven més enllà d'un simple canvi polític, sinó que implicaven també una profunda transformació social. <br/>Aquesta comunicació analitza els primers anys del moviment veïnal, tant per veure els seus precedents als anys seixanta com les seves primeres mobilitzacions, quin paper hi van jugar una primerenca autoorganització popular, els cristians de base i els partits polítics així com les polítiques del franquisme local i quins van ser els debats que es van donar en el seu sí. Fins al punt que a l'any 1975 el moviment veïnal estava ja profundament organitzat a les ciutats del Barcelonès Nord i havia començat ja una dinàmica mobilitzadora que va condicionar -amb altres factors- la crisi de la dictadura i de la seva administració local. <br/> |
| 650 #0 - PUNTO DE ACCESO ADICIONAL DE MATERIA--TÉRMINO DE MATERIA | |
| 9 (RLIN) | 753 |
| Término de materia o nombre geográfico como elemento de entrada | Asociaciones de vecinos |
| 650 #0 - PUNTO DE ACCESO ADICIONAL DE MATERIA--TÉRMINO DE MATERIA | |
| 9 (RLIN) | 138 |
| Término de materia o nombre geográfico como elemento de entrada | Movimiento obrero |
| 650 #0 - PUNTO DE ACCESO ADICIONAL DE MATERIA--TÉRMINO DE MATERIA | |
| 9 (RLIN) | 110 |
| Término de materia o nombre geográfico como elemento de entrada | Oposición al franquismo |
| 650 #0 - PUNTO DE ACCESO ADICIONAL DE MATERIA--TÉRMINO DE MATERIA | |
| 9 (RLIN) | 667 |
| Término de materia o nombre geográfico como elemento de entrada | Tardofranquismo |
| 651 #0 - PUNTO DE ACCESO ADICIONAL DE MATERIA--NOMBRE GEOGRÁFICO | |
| 9 (RLIN) | 127 |
| Nombre geográfico | Barcelona |
| Subdivisión geográfica | Barcelonés Norte (Badalona, Santa Coloma de Gramanet y San Adrián del Besós) |
| 773 ## - ASIENTO DE ITEM FUENTE | |
| Título | <a href="Actas del VIII Encuentro de Investigadores del Franquismo">Actas del VIII Encuentro de Investigadores del Franquismo</a> |
| 856 ## - LOCALIZACIÓN Y ACCESO ELECTRÓNICOS | |
| Identificador Uniforme de Recursos | <a href="https://bibliotecaccoocyl.fundacionjesuspereda.es/cgi-bin/koha/opac-retrieve-file.pl?id=ad5d41aacfbe994eea45bb092cc8f115">https://bibliotecaccoocyl.fundacionjesuspereda.es/cgi-bin/koha/opac-retrieve-file.pl?id=ad5d41aacfbe994eea45bb092cc8f115</a> |
| 942 ## - ELEMENTOS DE ENTRADA SECUNDARIOS (KOHA) | |
| Fuente del sistema de clasificación o colocación | Clasificación Decimal Dewey |
| Tipo de ítem Koha | Archivo de computadora |
| Suprimir en OPAC | No |
No hay ítems disponibles.
